Statistics for 3 best players on each NBA team #2

Click here to take the quiz!

General Stats

  • This quiz has been taken 16 times
  • The average score is 10 of 15

Answer Stats

HintAnswer% Correct
HeatJimmy Butler
100%
WarriorsKlay Thompson
100%
MavericksLuka Doncic
100%
WarriorsStephen Curry
100%
HawksTrae Young
100%
WarriorsDraymond Green
93%
HeatBam Adebayo
86%
TrailblazersDamian Lillard
86%
MavericksKyrie Irving
86%
HawksDejounte Murray
43%
TrailblazersAnfernee Simons
36%
HawksDe'Andre Hunter
36%
TrailblazersJerami Grant
36%
MavericksChristian Wood
21%
HeatGabe Vincent
14%

Score Distribution

Percentile by Number Answered

Percent of People with Each Score

Your Score History

You have not taken this quiz